The European Union : key figures.
| Format: | Book |
|---|---|
| Published: |
Luxembourg:
European Communities,
1997.
|
| Subjects: |
| LEADER | 00421cam a2200145 7i4500 | ||
|---|---|---|---|
| 001 | 0000006484 | ||
| 005 | 19991025090000.0 | ||
| 002 | ##000008173 | ||
| 020 | 0 | 0 | |a 92-827-7491-6 |
| 090 | 0 | 0 | |a EURO 337.1 |b EUR |
| 245 | 0 | 0 | |a The European Union : |b key figures. |
| 260 | 0 | 0 | |a Luxembourg: |b European Communities, |c 1997. |
| 300 | 0 | 0 | |a 40p. |
| 650 | 0 | 0 | |a European Union -- |x Statistics |
| 999 | |a 0000009520 |b Book |c Open shelf |e Business Information Centre | ||